| 000 | 00554nam a22001577a 4500 | ||
|---|---|---|---|
| 003 | NUST | ||
| 082 | _a621 | ||
| 100 |
_aAsif ,Muhammad Sarim _9121864 |
||
| 245 |
_aA STUDY ON THE DEVELOPMENT OF A DEDICATED DELIVERY MECHANISM FOR AUXETIC STENTS / _cMuhammad Sarim Asif |
||
| 264 | _aIslamabad: SMME- NUST. | ||
| 300 |
_a78p. ; _bSoft Copy , _c30cm. |
||
| 650 |
_aMS Mechanical Engineering _9119495 |
||
| 700 |
_aSupervisor: Dr. Murtaza Najabat Ali _9119580 |
||
| 856 | _u http://10.250.8.41:8080/xmlui/handle/123456789/13076 | ||
| 942 |
_2ddc _cTHE |
||
| 999 |
_c608561 _d608561 |
||